000
00222nam a22000857a 4500
008
160705b xxu||||| |||| 00| 0 eng d
100
_9
2085
_a
Roy, J
245
_a
Wild Woodnotes
260
_a
New Delhi
_b
National Book Trust
_c
1982
999
_c
1781
_d
1781